logo

Bir Sreshtho Munshi Abdur Rouf Library
Jhenaidah Cadet College

Body Language: (Record no. 11918)

MARC details
000 -LEADER
fixed length control field 00686nam a22002297a 4500
001 - CONTROL NUMBER
JCCL Control Number 11918
003 - CONTROL NUMBER IDENTIFIER
JCCL marc code BD-JhCC
005 - DATE AND TIME OF LATEST TRANSACTION
control field 20221115134023.0
008 - FIXED-LENGTH DATA ELEMENTS--GENERAL INFORMATION
fixed length control field 201129b2014 ii a|||| ||a| 000 0 eng d
020 ## - INTERNATIONAL STANDARD BOOK NUMBER
International Standard Book Number 9789381753408
035 ## - SYSTEM CONTROL NUMBER
system control number (BD-JhCC)11918
040 ## - CATALOGING SOURCE
Original cataloging agency BD-JhCC
Modifying agency BD-JhCC
041 ## - LANGUAGE CODE
Language code of Book eng
082 ## - DEWEY DECIMAL CLASSIFICATION NUMBER
Classification number 158.2
Author mark and Year PEA 2014
100 ## - MAIN ENTRY--PERSONAL NAME
Personal name Pease, Allan
245 ## - TITLE STATEMENT
Title Body Language:
Remainder of title How To Read Others' Thoughts By Their Gestures /
Statement of responsibility, etc Allan Pease.
260 ## - PUBLICATION, DISTRIBUTION, ETC. (IMPRINT)
Place of publication, distribution, etc New Delhi:
Name of publisher, distributor, etc Manjul Publishing House,
Date of publication, distribution, etc 2014.
300 ## - PHYSICAL DESCRIPTION
Pagination 190 p. :
Other physical details ill;
Dimensions 22 cm.
651 ## - SUBJECT ADDED ENTRY--GEOGRAPHIC NAME
Geographic name Body language
General subdivision Movement, Psychology of
Chronological subdivision Nonverbal communication
Geographic subdivision Gesture
942 ## - ADDED ENTRY ELEMENTS (KOHA)
Source of classification or shelving scheme Dewey Decimal Classification
Koha item type Books
Koha issues (borrowed), all copies 8
Holdings
Source of classification or shelving scheme Damaged status Not for loan Home library Current library Shelving location Date of accession Source of acquisition Cost, normal purchase price Total Checkouts Full call number Barcode Date last seen Date checked out Copy number Koha item type
Dewey Decimal Classification     JCC Rouf Library JCC Rouf Library General Stacks 11/29/2020 Lt. Gen. Mahfuzur Rahman (10th intake) 287.00 16 158.2 PEA 2014 16427 02/08/2026 11/02/2025 C-1 Books

JCC Library | Contacts | JCC Home

Last Update on 23 September 2017
Copyright @ 2017-2020 JCC Rouf Library
Rouf Library, Jhenidah Cadet College (JCC), Bangladesh